Characters from the Bartimaeus Trilogy Quiz Stats

 Plays Quiz not verified by Sporcle

Score 0/22 Timer 03:00
0 Plays Today
% Correct
Nathaniel or John Mandrake
96%
Bartimaeus of Uruk or Rekhyt of Alexandria or Necho of Jerusalem or Sakhr Al-Jinni or N'Gorso the Mighty or Wakonda of the Algonquin or Serpent of Silver Plumes
94.5%
Simon Lovelace
85.3%
Kitty Jones
71%
Jabor
68%
Faquarl
62.9%
Jane Farrar
61%
Quentin Makepeace
54%
Henry Duvall
51.5%
Sholto Pinn
47.8%
Rupert Devereaux
45.6%
% Correct
Simpkin
45.2%
Jakob Hyrnek
41.2%
Arthur Underwood
39.7%
Jessica Whitwell
38.2%
Fred Weaver
30.5%
Terence E. Pennyfeather
27.9%
Rebbeca Piper
26.1%
Rosanna Lutyens
23.9%
Martha Underwood
21.7%
Julius Tallow
20.6%
Anne Stephens
17.3%

You're not logged in!

Compare scores with friends on all Sporcle quizzes.
OR
Log In

Show Comments

Extras

Top Quizzes Today


Score Distribution

Your Account Isn't Verified!

In order to create a playlist on Sporcle, you need to verify the email address you used during registration. Go to your Sporcle Settings to finish the process.

Report this User

Report this user for behavior that violates our Community Guidelines.

Details: